Géographie de l'Asie par lettre - I - Statistiques

Statistiques générales
  • Ce quiz a été pris 135 fois
  • Le résultat moyen est 11 sur 20
Statistiques - réponses
Indice Réponse % Correct
Pays le plus peuplé du monde L'inde
100%
La majorité des pays d'Asie centrale l'ont obtenue en 1991 L'Indépendance
86%
Pays voisin du précédent dont le Khorassan ou le Kurdistan sont des provinces L'Iran
86%
Péninsule colonisée par la France au XIXe siècle L'indochine
85%
Une des inventions majeures de la Chine médiévale plus tard inventée indépendemment par un certain Gutenberg L'imprimerie
82%
Mésopotamie des temps modernes L'Irak
81%
Nom de l'ancien palais de l'empereur de Chine La Cité {Interdite}
80%
L'Indonésie a la plus grande population de pratiquants de cette religion L'Islam
80%
Au Bangladesh elles sont causées par des cyclones ou la mousson et sont accentuées par le fait qu'une grande partie du territoire se situe à moins de 12 m au dessus du niveau de la mer Des Inondations
73%
Ville réputée "la plus occidentalisée" de Turquie et important port sur la mer Égée Izmir
64%
Nom donné aux révoltes palestiniennes de 1987 et 2000 Une Intifada
64%
Fleuve du Pakistan berceau d'une antique civilisation L'Indus
54%
Ancienne capitale et centre culturel de la Perse historique aux multiples joyaux architecturaux Ispahan
37%
Comment est la région autonome chinoise de Mongolie ? Intérieure
31%
Ville de Sibérie orientale située au milieu de la ligne de chemin de fer du Transsibérien Irkoutsk
29%
Un des grands fleuves sibériens dont le lac Baïkal fait partie du bassin versant L'Ienisseï
28%
Ville portuaire à proximité de Séoul et troisième plus peuplée de Corée du Sud Incheon
27%
Fleuve principal de Birmanie L'Irrawady
12%
Sanctuaire le plus important du shintoïsme réputé pour être reconstruit à l'identique tous les 20 ans Le sanctuaire d'{Ise}
6%
Deuxième plus grand lac de montagne du monde situé au Kirghizistan L'{Issyk}-Koul
6%
Aucun quiz correspondant
Distribution des résultats
% des personnes avec chaque résultat
Percentile par nombre de réponses
Votre historique - résultats
Vous n’avez pas pris ce quiz